000 00830cam a2200289 4500500
005 20260405003650.0
041 _afre
042 _adc
100 1 0 _aEnjalbert, Cédric
_eauthor
245 0 0 _aGérald Bronner-Chantal Jaquet : ça passe ou ça classe !
260 _c2023.
500 _a90
690 _aChantal Jaquet
690 _aCompétition
690 _aDéterminisme
690 _aGérald Bronner
690 _aIdentité
690 _aLiberté
690 _aLutte des classes
690 _aMérite
690 _aMéritocratie
690 _aOrigines
690 _aSpinoza
690 _aTransclasse
786 0 _nPhilosophie magazine | 168 | 4 | 2023-04-01 | p. 34-36 | 1951-1787
856 4 1 _uhttps://shs.cairn.info/magazine-philosophie-magazine-2023-4-page-34?lang=fr&redirect-ssocas=7080
999 _c2069740
_d2069741